Руководство по ремонту автомобилей ВАЗ-1111, ВАЗ-11113 с каталогом запасных частей (Запись № 183304)

Подробности
000 -МАРКЕР
контрольное поле 01711nam0a2200361 4500
001 - ИДЕНТИФИКАТОР ЗАПИСИ
контрольное поле RU\NLR\bibl\36701
005 - ИДЕНТИФИКАТОР ВЕРСИИ
контрольное поле 20250615024443.0
010 ## - МЕЖДУНАРОДНЫЙ СТАНДАРТНЫЙ НОМЕР КНИГИ (ISBN)
Номер (ISBN) 5-89104-040-9
Тираж 15000
021 ## - НОМЕР ГОСУДАРСТВЕННОЙ РЕГИСТРАЦИИ
Код страны Российская Федерация
Номер 99-15206
Номер Листа государственной регистраци 738
021 ## - НОМЕР ГОСУДАРСТВЕННОЙ РЕГИСТРАЦИИ
Код страны Российская Федерация
Номер 2000-21206
Номер Листа государственной регистраци 995
035 ## - ДРУГИЕ СИСТЕМНЫЕ НОМЕРА
Идентификатор записи (NLR Aleph) 000035776
100 ## - ДАННЫЕ ОБЩЕЙ ОБРАБОТКИ
Данные общей обработки 19990705d1998 |||y0rusy50 ca
101 0# - ЯЗЫК РЕСУРСА
Язык текста, звукозаписи и т.д. русский
102 ## - СТРАНА ПУБЛИКАЦИИ ИЛИ ПРОИЗВОДСТВА
Страна публикации Российская Федерация
105 ## - ПОЛЕ КОДИРОВАННЫХ ДАННЫХ: ТЕКСТОВЫЕ МАТЕРИАЛЫ, МОНОГРАФИЧЕСКИЕ
Кодированные данные о монографическом текстовом документе a |||||||||
200 1# - ЗАГЛАВИЕ И СВЕДЕНИЯ ОБ ОТВЕТСТВЕННОСТИ
Основное заглавие Руководство по ремонту автомобилей ВАЗ-1111, ВАЗ-11113 с каталогом запасных частей
Сведения, относящиеся к заглавию [Эксплуатация обслуж.]
210 ## - ПУБЛИКАЦИЯ, РАСПРОСТРАНЕНИЕ И ДР.
Место издания, распространения и т.д. М.
Имя издателя, распространителя и т. д. Ливр
Дата издания, распространения и т.д. 1998
215 ## - ФИЗИЧЕСКАЯ ХАРАКТЕРИСТИКА
Специфическое обозначение материала и объем 191 с.
Другие сведения о физической характеристике ил.
Размеры 28
225 1# - СЕРИЯ
Основное заглавие серии Автомобили России
300 ## - ОБЩИЕ ПРИМЕЧАНИЯ
Текст примечания На обл.: ВАЗ 1111. 11113: Рук.по ремонту: Кат.зап.частей
512 1# - ЗАГЛАВИЕ ОБЛОЖКИ
Заглавие обложки ВАЗ 1111. 11113
606 0# - НАИМЕНОВАНИЕ ТЕМЫ КАК ПРЕДМЕТ
Наименование темы Автомобили ВАЗ "Ока"
Формальный подзаголовок Каталоги
Тематический подзаголовок Запасные части
Системный номер авторитетной/нормативной записи 2097550
Идентификатор авторитетной/нормативной записи RU\NLR\auth\661268971
606 0# - НАИМЕНОВАНИЕ ТЕМЫ КАК ПРЕДМЕТ
Наименование темы Автомобили ВАЗ "Ока"
Формальный подзаголовок Руководства, пособия и т.п.
Тематический подзаголовок Ремонт
Системный номер авторитетной/нормативной записи 1384836
Идентификатор авторитетной/нормативной записи RU\NLR\auth\66581584
606 0# - НАИМЕНОВАНИЕ ТЕМЫ КАК ПРЕДМЕТ
Наименование темы "Ока", легковые автомобили микролитражные
Формальный подзаголовок Каталоги
Тематический подзаголовок Запасные части
Системный номер авторитетной/нормативной записи 2097549
Идентификатор авторитетной/нормативной записи RU\NLR\auth\661268970
606 0# - НАИМЕНОВАНИЕ ТЕМЫ КАК ПРЕДМЕТ
Наименование темы "Ока", легковые автомобили микролитражные
Формальный подзаголовок Руководства, пособия и т.п.
Тематический подзаголовок Ремонт
Системный номер авторитетной/нормативной записи 2097547
Идентификатор авторитетной/нормативной записи RU\NLR\auth\661268969
686 ## - ИНДЕКСЫ ДРУГИХ КЛАССИФИКАЦИЙ
Индекс О335.526-083я7
801 #0 - ИСТОЧНИК ЗАПИСИ
Страна Российская Федерация
Организация NLR
Дата составления 19990705
Правила каталогизации PSBO
801 #1 - ИСТОЧНИК ЗАПИСИ
Страна Российская Федерация
Организация NLR
Дата составления 19990705
852 ## - МЕСТОНАХОЖДЕНИЕ И ШИФР ХРАНЕНИЯ
Идентификатор организации NLR
Шифр хранения (Call Number) 99-8/845
942 ## - ДОПОЛНИТЕЛЬНЫЕ ЭЛЕМЕНТЫ ЗАПИСИ (АБИС)
Тип экземпляра АБИС Книга
980 ## - КОЛЛЕКЦИЯ
Название коллекции Национальная библиография
Экземпляры
Тип экземпляра Дата поступления Источник поступления Библиотека постоянного хранения Библиотека текущего хранения Место хранения Штрих-код Статус экземпляра
Книга 22.09.2000 Обязательный экземпляр РНБ (Московский) РНБ (Московский) Обменный фонд 67651  
Книга 22.09.2000 Обязательный экземпляр РНБ (Московский) РНБ (Московский) Обменный фонд 67652